| 000 | 00355 a2200109 4500 | ||
|---|---|---|---|
| 001 | ART_42288 | ||
| 005 | 20260410161807.0 | ||
| 008 | 260409a | ||
| 245 | 1 | 0 | _aCuestiones de hecho y de derecho en torno al lavado de activos |
| 100 | 1 | _aCamerini, Marcelo A. | |
| 773 | 0 |
_tDoctrina Societaria y Concursal _g- NÂș 283 (jun. 2011) _wREV4298 |
|
| 999 |
_c21104 _d21104 |
||